INTRODUCTION TO HORTICULTURE (Record no. 8133)

MARC details
000 -LEADER
fixed length control field 00434nam a22001817a 4500
005 - DATE AND TIME OF LATEST TRANSACTION
control field 20230110102237.0
008 - FIXED-LENGTH DATA ELEMENTS--GENERAL INFORMATION
fixed length control field 221219b |||||||| |||| 00| 0 eng d
020 ## - INTERNATIONAL STANDARD BOOK NUMBER
ISBN 978-93168-23-8
041 ## - LANGUAGE CODE
Language code of text/sound track or separate title eng
082 ## - DEWEY DECIMAL CLASSIFICATION NUMBER
Classification number 635 KUM-I
100 ## - MAIN ENTRY--AUTHOR NAME
Personal name KUMAR ,N
245 ## - TITLE STATEMENT
Title INTRODUCTION TO HORTICULTURE
250 ## - EDITION STATEMENT
Edition statement 9th ed.
260 ## - PUBLICATION, DISTRIBUTION, ETC. (IMPRINT)
Name of publisher MEDTECH SCIENCE PRESS
Year of publication 2022
300 ## - PHYSICAL DESCRIPTION
Number of Pages 418;P,
650 ## - SUBJECT ADDED ENTRY--TOPICAL TERM
Topical Term Agriculture
942 ## - ADDED ENTRY ELEMENTS (KOHA)
Koha item type Books
Holdings
Lost status Damaged status Collection code Home library Current library Shelving location Date acquired Source of acquisition Cost, normal purchase price Full call number Accession Number Koha item type
    Reference JRU Library JRU Library SHELF-2-A 10/11/2022 LOHIA BOOK INTERNATIONAL 1995.00 635-KUM-I 27102 Books
    AGRICULTURE JRU Library JRU Library SHELF-43-D 10/11/2022 LOHIA BOOK INTERNATIONAL 1995.00 635-KUM-I 27103 Books
    AGRICULTURE JRU Library JRU Library SHELF-43-D 10/11/2022 LOHIA BOOK INTERNATIONAL 1995.00 635-KUM-I 27104 Books